00789 2200193 4500001002100000005001500021035002000036008004100056245003200097100002100129250000600150260003100156300001200187084001400199082000800213650001000221520035200231990001200583INLIS00000000000046520240711082421 a0010-0424000441240711 1 ind 1 aD' Angel /cLuna Torashyngu aTorashyngu, Luna a1 aJakarta :bGramedia,c2014 a248 hlm a813 LUN d a813 4aFiksi aMemangnya ada cewek yang sempurna? Biasanya, kalau pintar dalam pelajaran, orang itu bakal bodoh dalam olahraga. Kalau orangnya cantik, tidak mungkin dia jagoan di sekolah. Tapi Fika membuat semua aturan itu jadi basi. Dia cantik, pintar, sekaligus jagoan olahraga. Plus, beruntung dalam cinta! Kayaknya nggak mungkin deh ada cewek sesempurna dia. a0726391